000 00763cam a22002531 4500
999 _c20360
_d20360
001 9368317
003 BDDh-ASL
005 20231015025858.0
008 781011s1961 enk 001 0 eng
010 _a 61004570
035 _a(OCoLC)4286080
040 _aDLC
_cOrPU
_dOCoLC
_dDLC
_dBDDh-ASL
042 _apremarc
050 0 0 _aD199.3
_b.V62 1961
082 _a297.09
_bGRI
100 1 _aGrunebaum, Gustave E. von
_q(Gustave Edmund),
_d1909-1972.
245 1 0 _aIslam;
_bessays in the nature and growth of a cultural tradition/
250 _a[2d. ed.]
260 _aLondon:
_bRoutledge & Kegan Paul
_c[1961]
300 _axv, 266 p.
_c23 cm.
650 0 _aIslamic civilization.
906 _a7
_bcbc
_coclcrpl
_du
_encip
_f19
_gy-gencatlg
942 _2ddc
_cBK